<?xml version="1.0" encoding="UTF-8"?>
<record
    xmlns:xsi="http://www.w3.org/2001/XMLSchema-instance"
    xsi:schemaLocation="http://www.loc.gov/MARC21/slim http://www.loc.gov/standards/marcxml/schema/MARC21slim.xsd"
    xmlns="http://www.loc.gov/MARC21/slim">

  <leader>01066nam a2200229 a 4500</leader>
  <controlfield tag="001">BRL_1968</controlfield>
  <controlfield tag="005">20190320211444.0</controlfield>
  <controlfield tag="008">010917s2015----mx-a######---#000-0#spa-#</controlfield>
  <datafield tag="020" ind1=" " ind2=" ">
    <subfield code="a">9786077612957</subfield>
  </datafield>
  <datafield tag="041" ind1=" " ind2=" ">
    <subfield code="a">spa</subfield>
  </datafield>
  <datafield tag="044" ind1=" " ind2=" ">
    <subfield code="a">mx</subfield>
  </datafield>
  <datafield tag="050" ind1=" " ind2="4">
    <subfield code="a">NK7198</subfield>
    <subfield code="b">.A78 2015</subfield>
  </datafield>
  <datafield tag="245" ind1="1" ind2="0">
    <subfield code="a">Artificios</subfield>
    <subfield code="b">plata y dise&#xF1;o en M&#xE9;xico, 1880-2015.</subfield>
  </datafield>
  <datafield tag="260" ind1=" " ind2=" ">
    <subfield code="a">M&#xE9;xico</subfield>
    <subfield code="b">Fomento Cultural Banamex</subfield>
    <subfield code="c">2015</subfield>
  </datafield>
  <datafield tag="300" ind1=" " ind2=" ">
    <subfield code="a">430 p.</subfield>
    <subfield code="b">il. a color</subfield>
    <subfield code="c">32 cm.</subfield>
    <subfield code="e">cuadernillo con la lista de obra</subfield>
  </datafield>
  <datafield tag="500" ind1=" " ind2=" ">
    <subfield code="a">Incluye notas biogr&#xE1;ficas y lista de ilustraciones</subfield>
  </datafield>
  <datafield tag="500" ind1=" " ind2=" ">
    <subfield code="a">Incluye piezas de la colecci&#xF3;n Ruth D. Lechuga : p. 23, 25, 26 y 31</subfield>
  </datafield>
  <datafield tag="500" ind1=" " ind2=" ">
    <subfield code="a">Cat&#xE1;logo de la exposici&#xF3;n realizada en el Palacio de Iturbide. Palacio de Cultura Banamex (Ciudad de M&#xE9;xico), 29 noviembre, 2012-26 mayo, 2013, en el Museo Amparo (Puebla, Pue.), 14 diciembre, 2013-17 febrero, 2014 y en el Centro de las Artes de San Agust&#xED;n (Etla, Oaxaca), 22 marzo-15 junio, 2014</subfield>
  </datafield>
  <datafield tag="504" ind1=" " ind2=" ">
    <subfield code="a">Bibliograf&#xED;a : p. 417-420</subfield>
  </datafield>
  <datafield tag="650" ind1="1" ind2="4">
    <subfield code="a">Trabajos en plata</subfield>
    <subfield code="z">M&#xE9;xico</subfield>
    <subfield code="9">2771</subfield>
  </datafield>
  <datafield tag="650" ind1="1" ind2="4">
    <subfield code="a">Plater&#xED;a</subfield>
    <subfield code="z">M&#xE9;xico</subfield>
    <subfield code="9">3073</subfield>
  </datafield>
  <datafield tag="999" ind1=" " ind2=" ">
    <subfield code="c">10775</subfield>
    <subfield code="d">10775</subfield>
  </datafield>
  <datafield tag="952" ind1=" " ind2=" ">
    <subfield code="0">0</subfield>
    <subfield code="1">0</subfield>
    <subfield code="4">0</subfield>
    <subfield code="7">0</subfield>
    <subfield code="a">BRL</subfield>
    <subfield code="b">BRL</subfield>
    <subfield code="d">2017-09-01</subfield>
    <subfield code="l">0</subfield>
    <subfield code="o">NK7198 .A78 2015</subfield>
    <subfield code="p">00049</subfield>
    <subfield code="r">2019-03-22 00:00:00</subfield>
    <subfield code="w">2019-03-22</subfield>
    <subfield code="y">B</subfield>
  </datafield>
</record>
